The Premixing method : (Record no. 1225)
[ view plain ]
| 000 -LEADER | |
|---|---|
| fixed length control field | 00428 a2200109 4500 |
| 020 ## - INTERNATIONAL STANDARD BOOK NUMBER | |
| International Standard Book Number | 9058095479 |
| 082 ## - DEWEY DECIMAL CLASSIFICATION NUMBER | |
| Classification number | 624.151363 COA |
| 245 ## - TITLE STATEMENT | |
| Title | The Premixing method : |
| Remainder of title | prinicple, design, and construction / |
| Statement of responsibility, etc. | edited by Coastal Development Institute of Technology (CDIT), Tokyo, Japan. |
| 260 ## - PUBLICATION, DISTRIBUTION, ETC. | |
| Place of publication, distribution, etc. | Lisse, The Netherlands ; |
| -- | Exton, PA : |
| Name of publisher, distributor, etc. | Balkema Publishers, |
| Date of publication, distribution, etc. | 2003. |
| 300 ## - PHYSICAL DESCRIPTION | |
| Extent | xii, 140 p. : |
| Other physical details | ill. ; |
| Dimensions | 25 cm. |
| 650 ## - SUBJECT ADDED ENTRY--TOPICAL TERM | |
| Topical term or geographic name entry element | Soil mechanics. |
| 650 ## - SUBJECT ADDED ENTRY--TOPICAL TERM | |
| Topical term or geographic name entry element | Foundations. |
| Withdrawn status | Lost status | Damaged status | Not for loan | Permanent Location | Current Location | Shelving location | Date acquired | Total Checkouts | Full call number | Barcode | Date last seen | Price effective from | Koha item type |
|---|---|---|---|---|---|---|---|---|---|---|---|---|---|
| School of Civil and Environmental Engineering (SCEE) | School of Civil and Environmental Engineering (SCEE) | 624.151363 COA | NIT-504 | 01/05/2017 | 01/05/2017 | Book |
